Welcome to WEB OPAC of MRSPTU Central Library

Control theory : multivariable and non-linear method (Record no. 4095)

MARC details
000 -LEADER
fixed length control field 00447nam a2200157Ia 4500
008 - FIXED-LENGTH DATA ELEMENTS--GENERAL INFORMATION
fixed length control field 230711s9999||||xx |||||||||||||| ||und||
041 ## - LANGUAGE CODE
Language code of text/sound track or separate title ENG
082 ## - DEWEY DECIMAL CLASSIFICATION NUMBER
Classification number 621
Item number GL-C
100 ## - MAIN ENTRY--PERSONAL NAME
Personal name Glad,Torkel
245 #0 - TITLE STATEMENT
Title Control theory : multivariable and non-linear method
Remainder of title  Torkel Glad, Lennart Ljung 
250 ## - EDITION STATEMENT
Edition statement 1st . Ed.
260 ## - PUBLICATION, DISTRIBUTION, ETC.
Date of publication, distribution, etc. 2002
Place of publication, distribution, etc. Abingdon
Name of publisher, distributor, etc. Taylor & Francis 
650 ## - SUBJECT ADDED ENTRY--TOPICAL TERM
Topical term or geographic name entry element Electrical Engineering
700 ## - ADDED ENTRY--PERSONAL NAME
Personal name Ljung,Lennart
942 ## - ADDED ENTRY ELEMENTS (KOHA)
Koha item type Book
Holdings
Withdrawn status Lost status Damaged status Not for loan Collection Home library Current library Date acquired Total checkouts Full call number Barcode Date last seen Price effective from Koha item type
          MRSPTU Central Library MRSPTU Central Library     621 GL-C 13705 08/17/2023 08/17/2023 Book
          MRSPTU Central Library MRSPTU Central Library     621 GL-C 13706 08/17/2023 08/17/2023 Book

Website Designed and Developed by MRSPTU Central Library Team

E-mail Id: librarian@mrsptu.ac.in